| 000 | 00402pam a2200145 a 4500 | ||
|---|---|---|---|
| 020 | _a0256107386 (alk. paper) | ||
| 050 | 0 | 0 |
_aHF5635 _b.I529 1992b |
| 245 | 0 | 0 |
_aIntermediate accounting / _cThomas R. Dyckman ... [et al.]. |
| 250 | _aRev. ed. | ||
| 260 |
_aHomewood, IL : _bIrwin, _cc1992. |
||
| 300 | _axxxi, 1554 p. : | ||
| 500 | _aIncludes index. | ||
| 700 | 1 | _aDyckman, Thomas R. | |
| 942 |
_2lcc _cGEN |
||
| 999 |
_c10976 _d10976 |
||